000
00303nam a2200109 a 4500
005
20140414131933.0
008
110108s19uu xx 00 eng d
050
_a
REF 413.21
_b
Eu7 2003
245
_a
European phrase book. /
_c
by the staff of Berlitz Guides.
260
_b
Berlitz,
_c
2003.
999
_c
112303
_d
112303